• 首页
  • 本馆介绍
  • 公告通知
  • 最新文献
  • 馆藏检索
  • 电子资源
  • 读者导购
  • 参考咨询
  • 我的图书馆
  • 登录
  • 详细信息显示
  • 放入我的书架
  • 预约/预借图书
  • 作者相关作品
  • 分类相关作品
  • 丛书相关作品
  • 出版社相关作品

书目信息

  • 表格格式
  • 工作单格式
  • 卡片格式
题名:
摄影美学基础
    
 
作者: 杨恩璞 著
分册:  
出版信息: 沈阳   辽宁美术出版社  1997.03
页数: 230页
开本: 32开
丛书名: 北京电影学院图片摄影专业系列教材
单 册:
中图分类: J401
科图分类:
主题词: 摄影艺术--艺术理论
电子资源:
ISBN: 7-5314-1616-6
000 00649nam0 2200217 45
001 0012260870
005 20031219104048.3
010    @a7-5314-1616-6@dCNY23.20
100    @a20001226d1997 km y0chiy0120 ea
101 0  @achi
105    @a z 000yy
200 1  @a摄影美学基础@AShe Ying Mei Xue Ji Chu@f杨恩璞著@FYang En Pu Zhu
210    @a沈阳@c辽宁美术出版社@d1997.03
215    @a230页@c彩图@d32开
225    @a北京电影学院图片摄影专业系列教材
410    @12001 @a北京电影学院图片摄影专业系列教材
606 0  @a摄影艺术@x艺术理论
690    @aJ401@v1
701  0 @a杨恩璞@4著
801    @aCN@bTSTC@c20001226
905    @b294343-352@dJ401@e117@f10
    
    摄影美学基础/杨恩璞著.-沈阳:辽宁美术出版社,1997.03
    230页:彩图;32开.-(北京电影学院图片摄影专业系列教材)
    
    
    ISBN 7-5314-1616-6:CNY23.20
    
●
相关链接 在E读中查询图书 在五车中查询图书 在当当中查询图书 在豆瓣中查询图书


正题名:摄影美学基础     索取号:J401/117         预约/预借

序号 登录号 条形码 馆藏地/架位号 状态 备注
1 0294343   002943435   第一借阅区/ [索取号:J401/117] 在馆    
2 0294344   002943444   第一借阅区/ [索取号:J401/117] 在馆    
3 0294345   002943453   第一借阅区/ [索取号:J401/117] 在馆    
4 0294346   002943462   第一借阅区/ [索取号:J401/117] 在馆    
5 0294347   002943471   第一借阅区/ [索取号:J401/117] 在馆    
6 0294348   002943480   第一借阅区/ [索取号:J401/117] 在馆    
7 0294349   002943499   第一借阅区/ [索取号:J401/117] 在馆    
8 0294350   002943505   第一借阅区/ [索取号:J401/117] 在馆    
9 0294351   002943514   第一借阅区/ [索取号:J401/117] 在馆    
10 0294352   002943523   第一样本阅览室/ [索取号:J401/117] 在馆    
唐山师范学院图书馆 欢迎您!
大连网信软件有限公司© 版权所有